LEADER 01736nam 2200493Ka 450 001 9910695063303321 005 20060421122328.0 035 $a(CKB)5470000002366086 035 $a(OCoLC)67292285 035 $a(EXLCZ)995470000002366086 100 $a20060421d2000 ua 0 101 0 $aeng 181 $ctxt$2rdacontent 182 $cc$2rdamedia 183 $acr$2rdacarrier 200 10$aBOREAS RSS-19 1996 CASI at-sensor radiance and reflectance images$b[electronic resource] /$fJohn Miller, Jim Freemantle 210 1$aGreenbelt, Md. :$cNational Aeronautics and Space Administration, Goddard Space Flight Center,$d[2000] 215 $a1 volume $cdigital, PDF file 225 1 $aTechnical report series on the Boreal Ecosystem-Atmosphere Study (BOREAS) ;$v76 225 1 $aNASA/TM ;$v2000-209891, v. 76 300 $aTitle from title screen (viewed on April 21, 2006). 300 $a"August 2000." 320 $aIncludes bibliographical references. 606 $aBidirectional reflectance$2nasat 606 $aBiochemistry$2nasat 606 $aData acquisition$2nasat 606 $aOptical measuring instruments$2nasat 606 $aReflectance$2nasat 606 $aSpectra$2nasat 615 7$aBidirectional reflectance. 615 7$aBiochemistry. 615 7$aData acquisition. 615 7$aOptical measuring instruments. 615 7$aReflectance. 615 7$aSpectra. 700 $aMiller$b John$0348190 701 $aFreemantle$b Jim$01383662 712 02$aGoddard Space Flight Center. 801 0$bGPO 801 1$bGPO 906 $aBOOK 912 $a9910695063303321 996 $aBOREAS RSS-19 1996 CASI at-sensor radiance and reflectance images$93428778 997 $aUNINA LEADER 01705oam 2200529zu 450 001 9910694409403321 005 20210804000426.0 010 $a1-4294-5555-1 035 $a(CKB)1000000000470653 035 $a(SSID)ssj0000100751 035 $a(PQKBManifestationID)12033193 035 $a(PQKBTitleCode)TC0000100751 035 $a(PQKBWorkID)10037681 035 $a(PQKB)10499606 035 $a(OCoLC)85432494 035 $a(EXLCZ)991000000000470653 100 $a20160829d2004 uy 101 0 $aeng 135 $aurcn||||||||| 181 $ctxt 182 $cc 183 $acr 200 10$aAir-to-ground battle for Italy 210 31$a[Place of publication not identified]$cAir University Press$d2004 215 $a1 online resource (xv, 99 pages) $cillustrations 300 $aBibliographic Level Mode of Issuance: Monograph 311 $a1-58566-128-7 606 $aWorld War, 1939-1945$xAerial operations, American$zItaly$vPersonal narratives, American 606 $aWorld War, 1939-1945$xCampaigns$zUnited States$vBiography 606 $aWorld War, 1939-1945 606 $aFighter pilots 606 $aHistory & Archaeology$2HILCC 606 $aHistory - General$2HILCC 608 $aBiographies.$2lcgft 615 0$aWorld War, 1939-1945$xAerial operations, American 615 0$aWorld War, 1939-1945$xCampaigns 615 0$aWorld War, 1939-1945. 615 0$aFighter pilots. 615 7$aHistory & Archaeology 615 7$aHistory - General 676 $a940.544973 700 $aMcCarthy$b Michael C.$0311324 801 0$bPQKB 906 $aBOOK 912 $a9910694409403321 996 $aAir-to-ground battle for Italy$93201445 997 $aUNINA